Mighty Morphin Power Rangers Character Quiz - Statistics

General Stats
  • This quiz has been taken 729 times
  • The average score is 16 of 24
Answer Stats
Hint Answer % Correct
First Red Ranger Jason
97%
First Yellow Ranger Trini
95%
Second Red Ranger Rocky
90%
Green and White Ranger Tommy
87%
Blue Ranger Billy
85%
First Pink Ranger Kimberly
85%
First Balck Ranger Zack
83%
Second Black Ranger Adam
80%
Giant Head Zordon
78%
Robot companion Alpha 5
76%
Second Pink Ranger Kat
75%
Season 1 Villain Rita
75%
Comedic Releif 1 Bulk
73%
Comedic Releif 2 Skull
73%
Season 2 Villain Lord Zedd
69%
Owner of Youth centre Ernie
61%
Monkey Man Goldar
60%
Gave rangers new powers Ninjor
51%
Season 3 Villain Rito
45%
Created Putty soldiers Finster
42%
Henchman of Season 1 Baboo
39%
Policeman Lt. Stone
36%
Henchman of Season 1 Squat
35%
Second Yellow Ranger Alisha
10%
No matching quizzes found
Score Distribution
Percent of People with Each Score
Percentile by Number Answered
Your Score History
You have not taken this quiz